000 00480nam a2200157Ia 4500
005 20220909163951.0
008 210122b ###||||| |||| 00| 0 spa d
020 _a978-612-309-134-7
040 _aBIBLIOTECA MUNICIPAL DE BARRANCO
_cBIBLIOTECA MUNICIPAL DE BARRANCO
100 _a Anna Lavatelli
245 0 _aSólo el río lo sabe
250 _aPrimera
260 _aPeru
_bSantillana SA
_c2013
942 _cBK
_22022-08-24
_zERBG
999 _c7174
_d7174